000 00915nam a2200229Ia 4500
999 _c34747
_d34747
001 545
003 GE_BSU
005 20260421120150.0
008 181216s1999||||ge |||||||||||||| ||geo||
020 _a9992818050
040 _cGE_BSU
041 _ageo
080 _a621.317(075.8)+681.2(075.8+543(075.8) ზ-44
100 _aზედგინიძე, ი.
_96240
245 _aექსპერტიზა :
_bმეთოდები და საშუალებები. სახელმძღვ. /
_cი. ზედგინიძე; სტუ.
264 _aთბილისი :
_b"ინფორმატიზაციის ცენტრი",
_c1999.
300 _a336 გვ. :
_bნახ. ;
_c20 სმ.
541 _h10ლ.
653 _aელექტრული ხელსაწყოები
653 _aქიმიური ანალიზი
942 _cBK
_2udc